Địa lí tự nhiên các châu lục T.1
Gespeichert in:
| 1. Verfasser: | |
|---|---|
| Format: | Buch |
| Sprache: | Vietnamese |
| Veröffentlicht: |
H.
Giáo Dục
1983
|
| Schriftenreihe: | Sách ĐHSP
|
| Schlagworte: | |
| Tags: |
Tag hinzufügen
Keine Tags, Fügen Sie den ersten Tag hinzu!
|
| Thư viện lưu trữ: | Trung tâm Học liệu Lê Vũ Hùng, Trường Đại học Đồng Tháp |
|---|
| LEADER | 00763pam a22002418a 4500 | ||
|---|---|---|---|
| 001 | 00045797 | ||
| 005 | 20200907090955.0 | ||
| 008 | 110809s1983 ||||||viesd | ||
| 020 | # | # | |a 23000 |
| 041 | 0 | # | |a vie |
| 082 | 1 | # | |a 910 |b Đ301L |
| 100 | 0 | # | |a Nguyễn Phi Hạnh |
| 245 | 0 | 0 | |a Địa lí tự nhiên các châu lục |c Nguyễn Phi Hạnh |n T.1 |
| 260 | # | # | |a H. |b Giáo Dục |c 1983 |
| 300 | # | # | |a 139tr. |c 27cm. |
| 490 | 0 | # | |a Sách ĐHSP |
| 541 | # | # | |a photo |
| 653 | # | # | |a giáo trình |
| 653 | # | # | |a thế giới |
| 653 | # | # | |a Địa lí tự nhiên |
| 852 | # | # | |j KGT.0060382 |j KGT.0060383 |j KGT.0060380 |j KGT.0060379 |j KGT.0060381 |
| 910 | # | # | |d 7/9/2020 |
| 980 | # | # | |a Trung tâm Học liệu Lê Vũ Hùng, Trường Đại học Đồng Tháp |